<?xml version="1.0" encoding="UTF-8"?>
<record
    xmlns:xsi="http://www.w3.org/2001/XMLSchema-instance"
    xsi:schemaLocation="http://www.loc.gov/MARC21/slim http://www.loc.gov/standards/marcxml/schema/MARC21slim.xsd"
    xmlns="http://www.loc.gov/MARC21/slim">

  <leader>00225nam a22000857a 4500</leader>
  <controlfield tag="008">130405b        xxu||||| |||| 00| 0 eng d</controlfield>
  <datafield tag="020" ind1=" " ind2=" ">
    <subfield code="a">0262032708</subfield>
    <subfield code="c">Avalable</subfield>
  </datafield>
  <datafield tag="050" ind1=" " ind2=" ">
    <subfield code="a">004.21CLA</subfield>
    <subfield code="b">1706</subfield>
  </datafield>
  <datafield tag="245" ind1=" " ind2=" ">
    <subfield code="a">Model Chacking</subfield>
    <subfield code="c">Edmund M. Clarke,Jr</subfield>
  </datafield>
  <datafield tag="999" ind1=" " ind2=" ">
    <subfield code="c">23318</subfield>
    <subfield code="d">23318</subfield>
  </datafield>
  <datafield tag="952" ind1=" " ind2=" ">
    <subfield code="0">0</subfield>
    <subfield code="1">0</subfield>
    <subfield code="2">ddc</subfield>
    <subfield code="4">0</subfield>
    <subfield code="7">0</subfield>
    <subfield code="a">RCMS</subfield>
    <subfield code="b">RCMS</subfield>
    <subfield code="d">2013-04-05</subfield>
    <subfield code="e">Purchasing</subfield>
    <subfield code="l">5</subfield>
    <subfield code="m">2</subfield>
    <subfield code="p">RCMS001706</subfield>
    <subfield code="q">2024-01-16</subfield>
    <subfield code="r">2023-02-07</subfield>
    <subfield code="s">2023-02-07</subfield>
    <subfield code="w">2013-04-05</subfield>
    <subfield code="y">BK</subfield>
  </datafield>
</record>
